000 00595cam a2200181 4500
001 14133
005 20230410101919.0
008 060907n2002 dr spa
035 _9funglode14254
041 _aES
050 1 4 _a118 F 1938.4 H565r 2002
100 _aHerrera R., Rafael Darío,
_q(Herrera Rodríguez),
_d1955-
245 1 _aRevueltas y caudillismo :
_bDesiderio Arias frente a Trujillo /
_cRafael Darío Herrera R
260 _aSanto Domingo :
_bCentro Universitario Regional del Noroeste - CURNO,
_c2002
300 _a151 p.
440 _aColección historia
942 _2lcc
_cbk
999 _c15739
_d15739